| 000 | 00407pab a2200169 454500 | ||
|---|---|---|---|
| 008 | 180718b1993 xxu||||| |||| 00| 0 eng d | ||
| 100 | _aPatnaik, V. | ||
| 245 | _aA select bibliography on tribal issues | ||
| 260 | _c1993 | ||
| 300 | _ap.155-63 | ||
| 362 | _aApr-Jun | ||
| 650 | _aTribes - Bibliography | ||
| 700 | _aGupta, N.K. | ||
| 700 | _aPandey, D.K. | ||
| 773 | _aAdministrator | ||
| 909 | _a26450 | ||
| 999 |
_c26450 _d26450 |
||